Making Property Tax Reform Happen in China.

This report looks at crucial elements of reforms to growth-friendly recurrent taxes on immovable property. Tax design practices in place in OECD and partner countries are compared and analysed through the lenses of economic theory and empirical analysis.

Bibliographic Details
Main Author: OECD.
Format: eBook
Language:English
Published: Paris : Organization for Economic Cooperation & Development, 2022.
Edition:1st ed.
Subjects:
Online Access:Click to View
LEADER 01714nam a22003613i 4500
001 EBC7022445
003 MiAaPQ
005 20231204023226.0
006 m o d |
007 cr cnu||||||||
008 231204s2022 xx o ||||0 eng d
020 |a 9789264463615  |q (electronic bk.) 
020 |z 9789264370371 
035 |a (MiAaPQ)EBC7022445 
035 |a (Au-PeEL)EBL7022445 
035 |a (OCoLC)1334106191 
040 |a MiAaPQ  |b eng  |e rda  |e pn  |c MiAaPQ  |d MiAaPQ 
100 1 |a OECD. 
245 1 0 |a Making Property Tax Reform Happen in China. 
250 |a 1st ed. 
264 1 |a Paris :  |b Organization for Economic Cooperation & Development,  |c 2022. 
264 4 |c Ã2022. 
300 |a 1 online resource (158 pages) 
336 |a text  |b txt  |2 rdacontent 
337 |a computer  |b c  |2 rdamedia 
338 |a online resource  |b cr  |2 rdacarrier 
520 |a This report looks at crucial elements of reforms to growth-friendly recurrent taxes on immovable property. Tax design practices in place in OECD and partner countries are compared and analysed through the lenses of economic theory and empirical analysis. 
588 |a Description based on publisher supplied metadata and other sources. 
590 |a Electronic reproduction. Ann Arbor, Michigan : ProQuest Ebook Central, 2023. Available via World Wide Web. Access may be limited to ProQuest Ebook Central affiliated libraries.  
655 4 |a Electronic books. 
776 0 8 |i Print version:  |a OECD  |t Making Property Tax Reform Happen in China  |d Paris : Organization for Economic Cooperation & Development,c2022  |z 9789264370371 
797 2 |a ProQuest (Firm) 
856 4 0 |u https://ebookcentral.proquest.com/lib/matrademy/detail.action?docID=7022445  |z Click to View